Name That Cat - Statistics

General Stats
  • This quiz has been taken 30 times
  • The average score is 9 of 16
Answer Stats
Picture Answer % Correct
Tom
96%
Garfield
93%
Puss in Boots
93%
Hello Kitty
85%
Cheshire Cat
78%
Grumpy Cat
78%
Sylvester
78%
Hobbes
74%
Felix the Cat
63%
Crookshanks
41%
Heathcliff
41%
Nyan Cat
30%
Keyboard Cat
26%
Pete the Cat
26%
Bad Kitty
11%
Buttercup
0%
No matching quizzes found
Score Distribution
Percent of People with Each Score
Percentile by Number Answered
Your Score History
You have not taken this quiz